000 00749nam a2200277Ia 4500
005 20260324112643.0
008 008 260324s9999 xx 000 0 eng d
020 _a9781003530077
037 _aEBOOK
040 _aCRL
040 _beng
040 _cCRL
041 _2eng
041 _aeng
084 _qCRL
100 _aAbhishek Kumar; Hemant Kumar Saini; Ashutosh Kumar Dubey; Vicente García Díaz
_91143597
245 0 _aBio-Inspired Data-driven Distributed Energy in Robotics and Enabling Technologies
260 _bTaylor and Francis
260 _c2024
365 _a
365 _b260
856 _uhttp://www.taylorfrancis.com/books/9781003530077
942 _cEBOOK
999 _c1732885
_d1732885